DIFFUSION IN BODY CENTERED CUBIC METALS (Record no. 585161)

000 -LEADER
fixed length control field 00251nam a22001097a 4500
082 ## - DEWEY DECIMAL CLASSIFICATION NUMBER
Classification number 669 DIF'A
100 ## - MAIN ENTRY--PERSONAL NAME
Personal name AMERICAN SOCIETY
9 (RLIN) 42369
245 ## - TITLE STATEMENT
Title DIFFUSION IN BODY CENTERED CUBIC METALS
260 ## - PUBLICATION, DISTRIBUTION, ETC.
Place of publication, distribution, etc. OHIO
Name of publisher, distributor, etc. ASM
Date of publication, distribution, etc. 1965
300 ## - PHYSICAL DESCRIPTION
Extent 426P
942 ## - ADDED ENTRY ELEMENTS (KOHA)
Koha item type Book
Holdings
Withdrawn status Lost status Damaged status Not for loan Permanent Location Current Location Shelving location Date acquired Total Checkouts Full call number Barcode Date last seen Price effective from Koha item type
        College of Electrical & Mechanical Engineering (CEME) College of Electrical & Mechanical Engineering (CEME) General Stacks 07/06/2017   669 DIF'A CEME-5510 06/28/2021 06/28/2021 Book
© 2023 Central Library, National University of Sciences and Technology. All Rights Reserved.